|
|
|
|
| LEADER |
01768cas a2200253 a 4500 |
| 001 |
AALejournalIMF010949 |
| 008 |
230101c9999 xx r poo 0 0eng d |
| 020 |
|
|
|c 50.00 USD
|
| 020 |
|
|
|z 9781557755698
|
| 022 |
|
|
|a 1020-5071
|
| 040 |
|
|
|a BD-DhAAL
|c BD-DhAAL
|
| 110 |
2 |
|
|a International Monetary Fund.
|b Research Dept.
|
| 240 |
1 |
0 |
|a Perspectivas de la economia mundial: mayo de 1996.
|l Spanish
|
| 245 |
1 |
0 |
|a Perspectivas de la economia mundial :
|b mayo de 1996.
|
| 264 |
|
1 |
|a Washington, D.C. :
|b International Monetary Fund,
|c 1996.
|
| 300 |
|
|
|a 1 online resource (220 pages)
|
| 490 |
1 |
|
|a World Economic Outlook
|
| 500 |
|
|
|a <strong>Off-Campus Access:</strong> No User ID or Password Required
|
| 500 |
|
|
|a <strong>On-Campus Access:</strong> No User ID or Password Required
|
| 506 |
|
|
|a Electronic access restricted to authorized BRAC University faculty, staff and students
|
| 520 |
3 |
|
|a El informe sobre las Perspectivas de la economia mundial, publicado dos veces al ano en ingles, frances, espanol y arabe, presenta analisis realizados por economistas del cuerpo tecnico del FMI sobre la evolucion economica mundial a corto y mediano plazo. En los capitulos se presenta un panorama general de la economia mundial, se analizan cuestiones que afectan a los paises industriales, los paises en desarrollo y las economias en transicion hacia un sistema de mercado, y se abordan temas relevantes para la situacion actual. Anexos, recuadros, graficos y un extenso apendice estadistico complementan el texto.
|
| 538 |
|
|
|a Mode of access: Internet
|
| 830 |
|
0 |
|a World Economic Outlook; World Economic Outlook ;
|v No. 1996/001
|
| 856 |
4 |
0 |
|z Full text available on IMF
|u http://elibrary.imf.org/view/books/081/07996-9781557755698-es/07996-9781557755698-es-book.xml
|z IMF e-Library
|